| 000 | 01113nam a2200265 4500 | ||
|---|---|---|---|
| 003 | KOHA_MİRAKIL | ||
| 005 | 20260420124443.0 | ||
| 008 | 260420b tu ||||| |||| 00| 0 tur d | ||
| 020 | _a9789752311459 | ||
| 040 |
_aTR-AnABB _btur _cTR-AnABB |
||
| 041 | _atur | ||
| 082 |
_a720.8 _bKUB 2015 C.1. |
||
| 100 | 1 |
_aKuban, Doğan, _d1926-2021 |
|
| 245 | 1 | 0 |
_aDoğan Kuban yazıları antolojisi 1. cilt : _bsanat, mimarlık, toplum kültürü üzerine makaleler / _cDoğan Kuban ; editör: Yaman Kayabalı |
| 246 | _aSanat, mimarlık, toplum kültürü üzerine makaleler | ||
| 260 |
_aİstanbul : _bBoyut Yayınevi, _c2015 |
||
| 300 |
_a408 sayfa ; _c20 cm |
||
| 500 | _a1. cilt | ||
| 505 | _aİçindekiler: Türk Sanatı üzerine - Türk kenti üzerine - Çağdaş Mimari - Mimarlık eğitimi - Güncel - Kuramsal Sanat üzerine yazılar - Atatürk, Cumhuriyet ve devrim yazıları - Çağdaş İslam mimarisi - Genel | ||
| 650 | 0 | 4 | _aMimarlık |
| 650 | 0 | 4 | _aMimarlık, yazılar |
| 700 | 1 |
_aKayabalı, Yaman, _eeditör _93525 |
|
| 900 | _bCan ÇELIK | ||
| 942 |
_2ddc _cBK |
||
| 999 |
_c10299 _d10299 |
||